| 000 | 00387nam a2200145Ia 4500 | ||
|---|---|---|---|
| 008 | 220405s9999||||xx |||||||||||||| ||und|| | ||
| 020 | _a9788184950281 | ||
| 082 | _a823 XAV | ||
| 100 |
_aXavier, Francis, G. _910578 |
||
| 245 | 0 | _a101 inspiring stories | |
| 260 |
_aJaico publishers _bMumbai _c2015 |
||
| 300 |
_a187p. _bRs.299 |
||
| 650 | _aGENERAL BOOKS | ||
| 942 | _cSpecial Collection | ||
| 999 |
_c189623 _d189623 |
||